Times por Escudo - Eredivisie 24/25 - Statistics

Estatísticas Gerais
  • Esse quiz foi jogado 34 vezes
  • A pontuação média é 10 de 18
Estatísticas das Respostas
Imagem Resposta % Correto
Ajax
97%
PSV
97%
Feyenoord
90%
AZ Alkmaar
77%
Twente
71%
Utrecht
61%
Sparta Rotterdam
58%
Groningen
52%
NAC Breda
52%
Heracles
48%
PEC Zwolle
48%
Heerenveen
45%
Fortuna Sittard
42%
Go Ahead Eagles
42%
Almere City
32%
Nijmegen
32%
Willem II
32%
RKC Waalwijk
26%
Nenhum quiz correspondente encontrado
Distribuição das Pontuações
Porcentagem de Pessoas com Cada Pontuação
Percentil de Números Respondidos
Sua Pontuação Histórica
Você não jogou esse quiz